000
00349nam a2200157Ia 4500
003
OSt
005
20231120050934.0
008
170524s9999 xx 000 0 und d
020
_a
81-7224-072-4
040
_c
IIMT
100
_a
Bakhru- H.k.
245
0
_a
Diet cure for common Aliments
260
_b
Jaico Pub.
260
_c
2002
942
_2
ddc
_c
02
999
_c
6545
_d
6545